000 00623nam a2200181 a 4500
001 000043377
005 20201002040847.0
008 140312s2004 sp 000 0 spa d
020 _a8440660871
040 _aDO-SdBNP
_bspa
_cBNPHU
100 1 _aCotarelo, Ramón
_d1943-
_971037
245 1 3 _aLa Conspiración /
_cRamón Cotarelo.
246 1 4 _aLa Conspiración :
_bel golpe de estado difuso
260 _aMadrid :
_bEdiciones B.,
_c[202?].
300 _a252 p. ;
_c23 cm.
500 _aIncluye datos biográficas del autor en la solapa de la cubierta
504 _aReferencias bibliográficas y notas al pie de las páginas
999 _c42866
_d42866